000 00915nam a22002897i 4500
003 DO-SdBNP
005 20250604103424.0
007 ta
008 250604b2023 |||||||| |||| 00| 0 spa d
020 _a9789945250855
040 _aDO-SdBNP
_bspa
_cBNPHU
_erda
041 _hsp
082 _axxx
_bH557e
_222
100 _aHernández, Alfredo Rafael
_eautor
_935011
245 0 3 _aLa educación en la Vega, 1844-2000 :
_bnotas para su estudio /
_cAlfredo Rafael Hernández
250 _aprimera edición
264 _aSanto Domingo :
_bCorripio,
_c2023.
300 _a593 páginas :
_bilustrastracion ;
_c24 cm
336 _ardaconten
_btexto
_2txt
337 _ardamedia
_bsin mediación
_2n
338 _ardacarrier
_bvolumen
_2nc
490 _aArchivo General de la Nación ;
_v493
590 _aInventaruiado, 2025/DG
830 _nArchivo Genaral de la Nación
_987976
900 _aDG
942 _2ddc
_cLBS1
999 _c58826
_d58826